Scrambled Cricket Nicknames - Statistics

General Stats
  • This quiz has been taken 4 times
  • The average score is 3 of 20
Answer Stats
Nicknames Country Answer % Correct
ahrrean aynrichau India Kapil Dev
100%
asnlig Sri Lanka Lasith Malinga
100%
nsf aiiacpattncta Bangladesh Mashrafe Mortaza
100%
t.c ecirmkr Australia Mike Hussey
100%
trrslsam baete India Sachin Tendulkar
100%
aall Pakistan Shahid Afridi
100%
iamno Bangladesh Shakib al Hasan
100%
eutnpr Australia Ricky Ponting
50%
iuhckk India Virat Kohli
50%
ucciehrh Australia Adam Gilchrist
0%
myipgurcn aatp Australia Allan Border
0%
gtgtlhhneni wii South Africa Allan Donald
0%
utnrghe South Africa Andre Nel
0%
pnfni skagoi England Ashley Giles
0%
pydpi South Africa Boeta Dippenaar
0%
upascrte West Indies Clive Lloyd
0%
meblbu England David Llyod
0%
rklile South Africa David Miller
0%
okapn ocyetdm Australia David Warner
0%
ceolonl India Dilip Vengsarkar
0%
ogipne Australia Glenn McGrath
0%
tsraemrohin England Ian Bell
0%
ebfye England Ian Botham
0%
lalsufntmun oat Pakistan Inzamam ul-Haq
0%
eggntu Australia Keith Miller
0%
rwaiitgdsnp hehe West Indies Michael Holding
0%
fsprosero Pakistan Mohammed Hafeez
0%
meopim Zimbabwe Mpumelelo Mbangwa
0%
ometper wetret New Zealand Peter Fulton
0%
adpleds New Zealand Richard Hadlee
0%
acubshh Australia Rod Marsh
0%
olydetlmian t Sri Lanka Romesh Kaluwitharana
0%
sei pkhgti nonf Australia Shane Warne
0%
wprrxdsaealnies ip Pakistan Shoaib Athkar
0%
lao ifrnkocpa tek India Sourav Ganguly
0%
gnafel New Zealand Stephen Fleming
0%
erfallth watow d England Steven Finn
0%
gdusem Australia Steve Smith
0%
ree oephtrm West Indies Vivian Richards
0%
lsi soagtnufn w Pakistan Wasim Akram
0%
No matching quizzes found
Score Distribution
Percent of People with Each Score
Percentile by Number Answered
Your Score History
You have not taken this quiz